000 01664nam a2200313 4500
001 0000021924
003 CO-CtgCURN
005 20250507150219.0
007 ta
008 160627s2005 000 0 eng d
020 _a958410361X
040 _aCO-CtgCURN
_bspa
_ccoctgcurn
082 0 _a330.9861
_bA715e
100 1 _aArango Londoño, Gilberto.
245 1 0 _aEstructura economica colombiana /
_cGilberto Arango Londono.
250 _a10a ed.
260 _aBogotá :
_bMcGraw Hill Interamericana,
_c2005.
300 _a574 p.
336 _2rdacontent
337 _2rdamedia
_asin mediacion
_bn
338 _2rdacarrier
_avolumen
_bnc
500 _aNotas al pie del texto.
505 8 _aConceptos basicos.--Aspectos de la situacion demografica colombiana.--Tenencia de la tierra.--La producción agropecuaria.--El cafe.--Recursos naturales: sector energetico.--Recursos naturales: sector minero.--El sector manufacturero.--Sector de servicio: comercio, transporte y comunicaciones.--Comercio exterior y el regimen cambiario.--El arancel aduanero.--Deuda externa.--Las inversiones extranjeras en colombia.--La integracion economica.--Ahorro nacional.--El sector financiero.--El banco de la republica.--El presupuesto nacional.--Inflacion, salario y control de precios.--Economia informal y subterranea.--El sector de la contrucción.--El problema de la educación.--La salud.--La planeacion economica
650 1 4 _aEconomia colombiana.
908 _a160627
942 _cBK
_h330.9861
_iA715e
_2ddc
_n0
999 _c18276
_d18276